Wszystkie Miejscowości Gminy Redzikowo (Słupsk) - Statystyki

Ogólne statystyki
  • Ten quiz został rozwiązany 31 razy
  • Średni wynik to 21 z 41
Statystyki odpowiedzi
Liczba
Mieszkańców
Miejscowość % Poprawnych
1580 Redzikowo
100%
1013 Głobino
90%
3328 Siemianice
90%
1439 Jezierzyce
85%
250 Wieszyno
85%
931 Włynkówko
85%
326 Włynkowo
85%
1127 Bierkowo
80%
1133 Krępa Słupska
80%
467 Lubuczewo
80%
582 Kusowo
75%
196 Swochowo
75%
326 Bruskowo Wielkie
70%
156 Płaszewko
70%
531 Bydlino
65%
24 Kępno
65%
247 Strzelinko
65%
620 Strzelino
65%
514 Wrzeście
65%
109 Bruskowo Małe
60%
311 Bukówka
60%
135 Niewierowo
60%
144 Gać
55%
181 Karzcino
45%
223 Rogawica
45%
166 Kukowo
40%
398 Grąsino
35%
317 Gałęzinowo
25%
214 Stanięcino
25%
198 Swołowo
25%
239 Wiklino
25%
115 Wierzbięcin
20%
2 Gać Leśna
15%
134 Krzemienica
15%
62 Lękwica
15%
172 Redęcin
10%
123 Wielichowo
10%
8 Gajki
5%
13 Łupiny
0%
21 Warblewko
0%
216 Warblewo
0%
Nie znaleziono quizów pasujących do podanych kryteriów
Rozkład punktacji
Procent ludzi z każdym wynikiem
Percentyl według liczby udzielonych odpowiedzi
Twoja historia wyników
Nie rozwiązałeś tego quizu